000 01590nam0a2200397 4500
001 RU\NLR\BIBL_A\010352011
005 20260406131244.0
010 _a978-5-7833-1091-1
_930000
021 _aRU
_b2015-13352
_9810
021 _aRU
_b2017-11894
_9876
021 _aRU
_b2014-15418
_9988
035 _a(NLR Aleph) 010352011
035 _a(RuMoRGB)008800771
035 _a(NILC)RuMoRGB-006750294
090 _a10749650
_c10749650
100 _a20140429d2014 b y0rusy50 ca
101 0 _arus
102 _aRU
105 _aa|||z|||000gy
200 1 _aФедорино горе
_e[для детей дошкольного возраста]
_fКорней Чуковский
_g[худож. В. А. Жигарев, В. Л. Вахтин]
210 _aМосква
_cФламинго
_d2014
215 _a[19] с.
_cцв. ил.
_d21
300 _aБез тит. л. Описано по обл.
333 _a0+
686 0 _aШ9(2)60=Р7-5
700 1 _7ca
_8rus
_aЧуковский
_bК. И.
_f1882-1969
_gКорней Иванович
_9111544
_3RU\NLR\AUTH\771522
702 1 _4040
_7ca
_8rus
_aЖигарев
_bВ. А.
_cхудожник
_f1941-2020
_gВячеслав Алексеевич
_937899
_3RU\NLR\AUTH\7754967
702 1 _4040
_7ca
_8rus
_aВахтин
_bВ. Л.
_cхудожник
_gВиктор Л.
_937957
_3RU\NLR\AUTH\7755025
801 0 _aRU
_bRuMoRKP
_c20110418
_gRCR
801 1 _aRU
_bRuMoRKP
_c20110418
_2rusmarc
801 2 _aRU
_bРГБ
_c20140304
_grcr
942 _cUNSPEC
980 _aNB